000 00414nam a2200145Ia 4500
008 210716s1996 xx 000 0 und d
020 _a156706177X
041 _aeng
082 _a658.042 MARA
100 _aMartin, Alson R.
245 _aLimited liability company and partnership answer book.
250 _a1
260 _aNew York
_bLimited liability Compand and Partnership
_c1996
300 _axivii,T-19,I-41
999 _c200573
_d200573